MARC details
| 000 -CABECERA |
| campo de control de longitud fija |
01373nam a2200265 a 4500 |
| 001 - NÚMERO DE CONTROL |
| campo de control |
000026274 |
| 003 - IDENTIFICADOR DEL NÚMERO DE CONTROL |
| campo de control |
DO-SdBNP |
| 005 - FECHA Y HORA DE LA ÚLTIMA TRANSACCIÓN |
| campo de control |
20250607073643.0 |
| 007 - CAMPO FIJO DE DESCRIPCIÓN FÍSICA--INFORMACIÓN GENERAL |
| campo de control de longitud fija |
ta |
| 008 - DATOS DE LONGITUD FIJA--INFORMACIÓN GENERAL |
| campo de control de longitud fija |
110308s1978 dr aj 000 0 spa d |
| 040 ## - FUENTE DE LA CATALOGACIÓN |
| Centro catalogador/agencia de origen |
DO-SdBNP |
| Lengua de catalogación |
spa |
| Centro/agencia transcriptor |
BNPHU |
| 082 #4 - NÚMERO DE LA CLASIFICACIÓN DECIMAL DEWEY |
| Número de clasificación |
304.8097293 |
| Número de documento/Ítem |
R173e |
| 100 1# - ENTRADA PRINCIPAL--NOMBRE DE PERSONA |
| Nombre de persona |
Ramirez M. , Nelson |
| 9 (RLIN) |
53303 |
| 245 10 - MENCIÓN DE TÍTULO |
| Título |
Encuesta de migración a Santo Domingo y Santiago : |
| Resto del título |
informe general / |
| Mención de responsabilidad, etc. |
Nelson Ramirez M. |
| 260 ## - PUBLICACIÓN, DISTRIBUCIÓN, ETC. |
| Lugar de publicación, distribución, etc. |
[Santo Domingo] : |
| Nombre del editor, distribuidor, etc. |
SESPAS: |
| -- |
CONAPOFA, |
| Fecha de publicación, distribución, etc. |
[1978]. |
| 300 ## - DESCRIPCIÓN FÍSICA |
| Extensión |
v, 186 p. : |
| Otras características físicas |
il., tablas ; |
| Dimensiones |
21 cm. |
| 500 ## - NOTA GENERAL |
| Nota general |
Incluye referencias bibliográficas y notas al pie de las páginas |
| 505 0# - NOTA DE CONTENIDO CON FORMATO |
| Nota de contenido con formato |
Presentación -- |
| Título |
Introducción -- |
| -- |
Antecedentes, objetivos y metodología -- |
| -- |
Características generales de la población de cada ciudad --- |
| -- |
La migración a Santo domingo y Santiago: aspectos generales -- |
| -- |
Resumen de los resultados y conclusiones -- |
| -- |
Anexo: cuestionarioss utilizados en la encuesta -- |
| -- |
A. Cuestionario de hogar -- |
| -- |
B. Cuestionario individual -- |
| 590 ## - NOTA LOCAL (RLIN) |
| Nota local |
Inventariado, 2018/VM |
| 650 #4 - PUNTO DE ACCESO ADICIONAL DE MATERIA--TÉRMINO DE MATERIA |
| Término de materia o nombre geográfico como elemento de entrada |
Migración interna |
| Subdivisión geográfica |
República Dominicana |
| 9 (RLIN) |
53304 |
| 710 2# - PUNTO DE ACCESO ADICIONAL--NOMBRE DE ENTIDAD CORPORATIVA |
| Nombre de entidad corporativa o nombre de jurisdicción como elemento de entrada |
Consejo Nacional de Población y Familia (República Dominicana) |
| 9 (RLIN) |
6985 |
| 710 1# - PUNTO DE ACCESO ADICIONAL--NOMBRE DE ENTIDAD CORPORATIVA |
| Nombre de entidad corporativa o nombre de jurisdicción como elemento de entrada |
República Dominicana. |
| Unidad subordinada |
Secretaria de Estado de Salud Pública y Asistencia Social (2001) |
| 9 (RLIN) |
56549 |
| 910 ## - DATOS DE OPCIÓN DEL USUARIO (OCLC) |
| Datos de opción del usuario |
Validado. Control de calidad MFF |
| 942 ## - ELEMENTOS DE PUNTO DE ACCESO ADICIONAL (KOHA) |
| Fuente del sistema de clasificación o colocación |
Dewey Decimal Classification |
| Tipo de ítem Koha |
Libro |